<?xml version="1.0" encoding="UTF-8"?>
<record
    xmlns:xsi="http://www.w3.org/2001/XMLSchema-instance"
    xsi:schemaLocation="http://www.loc.gov/MARC21/slim http://www.loc.gov/standards/marcxml/schema/MARC21slim.xsd"
    xmlns="http://www.loc.gov/MARC21/slim">

  <leader>01874nas a2200277Ia 4500</leader>
  <controlfield tag="001">R050-S2676</controlfield>
  <controlfield tag="003">IT-CnALBA</controlfield>
  <controlfield tag="008">170116c99999999xx ||||||||||||   ||und||</controlfield>
  <datafield tag="040" ind1=" " ind2=" ">
    <subfield code="a">IT-CnALBA</subfield>
    <subfield code="c">IT-CnALBA</subfield>
  </datafield>
  <datafield tag="041" ind1=" " ind2=" ">
    <subfield code="a">ITALIANO</subfield>
  </datafield>
  <datafield tag="100" ind1=" " ind2=" ">
    <subfield code="a">GIACOMELLI RENZO</subfield>
  </datafield>
  <datafield tag="210" ind1=" " ind2=" ">
    <subfield code="a">JESUS</subfield>
  </datafield>
  <datafield tag="222" ind1=" " ind2=" ">
    <subfield code="a">JESUS</subfield>
  </datafield>
  <datafield tag="245" ind1=" " ind2="0">
    <subfield code="a">JESUS. NOVEMBRE 1995. LE SFIDE E LE SCELTE. VERSO IL TERZO MILLENNIO NEL SEGNO DEL VANGELO DELLA CARIT&#xC0;. </subfield>
  </datafield>
  <datafield tag="250" ind1=" " ind2=" ">
    <subfield code="a">1a ed.</subfield>
  </datafield>
  <datafield tag="260" ind1=" " ind2=" ">
    <subfield code="a">CINISELLO BALSAMO (MI)</subfield>
    <subfield code="b">PERIODICI SAN PAOLO ED. </subfield>
    <subfield code="c">1995 [1&#xB0; Ed.:1995 - Ed.Ling.Originale: 1995]</subfield>
  </datafield>
  <datafield tag="300" ind1=" " ind2=" ">
    <subfield code="a">114 p. </subfield>
  </datafield>
  <datafield tag="310" ind1=" " ind2=" ">
    <subfield code="a">MENSILE</subfield>
  </datafield>
  <datafield tag="362" ind1=" " ind2=" ">
    <subfield code="a">Fascicolo: 11 / Anno: 17 (1995)</subfield>
  </datafield>
  <datafield tag="500" ind1=" " ind2=" ">
    <subfield code="a">SUPPLEMENTO LETTERA A PALERMO. CULTURA E COMUNICAZIONE. IMPEGNO SOCIALE E POLITICO. AMORE PER I POVERI. FAMIGLIA. GIOVANI. TERZO CONVEGNO NAZIONALE CHIESA ITALIANA. BRASILE, FINITO IL TEMPO DEI PROFETI. L'ASSUNTA E L'IMPERATORE. SIGNIFICATO CROCIATE A GERUSALEMME AL COMANDO DEL PAPA. DE PAOLI M. BURUNDI E RUANDA TRA LE SPINE, MARGARITORA F. CONGRESSO ASSOCIAZIONE EUROPEA PER LA CHIESA CATTOLICA. VOLONT&#xC0; DEBOLE E TRINIT&#xC0; INFERNALE. DISCORSI DI TONINO BELLO, PREDICHE AI POLITICI. RUBRICHE. </subfield>
  </datafield>
  <datafield tag="501" ind1=" " ind2=" ">
    <subfield code="a">Societ&#xE0; San Paolo EM - Piazza San Paolo, 14 - 12051 ALBA (CN)  (non commercial uses only) &#xAE; Copyright 2017</subfield>
  </datafield>
  <datafield tag="520" ind1=" " ind2=" ">
    <subfield code="a">SUPPLEMENTO LETTERA A PALERMO. CULTURA E COMUNICAZIONE. IMPEGNO SOCIALE E POLITICO. AMORE PER I POVERI. FAMIGLIA. GIOVANI. TERZO CONVEGNO NAZIONALE CHIESA ITALIANA. BRASILE, FINITO IL TEMPO DEI PROFETI. L'ASSUNTA E L'IMPERATORE. SIGNIFICATO CROCIATE A GERUSALEMME AL COMANDO DEL PAPA. DE PAOLI M. BURUNDI E RUANDA TRA LE SPINE, MARGARITORA F. CONGRESSO ASSOCIAZIONE EUROPEA PER LA CHIESA CATTOLICA. VOLONT&#xC0; DEBOLE E TRINIT&#xC0; INFERNALE. DISCORSI DI TONINO BELLO, PREDICHE AI POLITICI. RUBRICHE. </subfield>
  </datafield>
  <datafield tag="650" ind1=" " ind2=" ">
    <subfield code="a">SCIENZE UMANE E RELIGIOSE</subfield>
  </datafield>
  <datafield tag="942" ind1=" " ind2=" ">
    <subfield code="c">CR</subfield>
  </datafield>
  <datafield tag="957" ind1=" " ind2=" ">
    <subfield code="7">1</subfield>
  </datafield>
  <datafield tag="999" ind1=" " ind2=" ">
    <subfield code="a">64566</subfield>
    <subfield code="b">NO</subfield>
    <subfield code="g">1</subfield>
    <subfield code="c">331264</subfield>
    <subfield code="d">331264</subfield>
  </datafield>
  <datafield tag="952" ind1=" " ind2=" ">
    <subfield code="0">0</subfield>
    <subfield code="1">0</subfield>
    <subfield code="4">0</subfield>
    <subfield code="6">R_050S2676</subfield>
    <subfield code="7">1</subfield>
    <subfield code="a">ALBA</subfield>
    <subfield code="b">ALBA</subfield>
    <subfield code="d">2017-01-16</subfield>
    <subfield code="l">0</subfield>
    <subfield code="o">R050-S2676</subfield>
    <subfield code="r">2017-01-16 00:00:00</subfield>
    <subfield code="w">2017-01-16</subfield>
    <subfield code="y">CR</subfield>
    <subfield code="z">(data import: 16 gennaio 2017) - By Epidotti, Vaglietti. </subfield>
  </datafield>
</record>
